Fundamentos de la práctica metalúrgica / (Record no. 85896)

MARC details
000 -LEADER
campo de control de longitud fija 00548nam a2200157 i 4500
001 - NÚMERO DE CONTROL
campo de control 85896
003 - IDENTIFICADOR DE NÚMERO DE CONTROL
campo de control ES-MaACL
007 - CAMPO FIJO DE DESCRIPCIÓN FÍSICA--INFORMACIÓN GENERAL
campo de control de longitud fija t|
008 - DATOS DE LONGITUD FIJA--INFORMACIÓN GENERAL
campo de control de longitud fija 041202s1954 sp ||||1| spa d
100 1# - ENTRADA PRINCIPAL--NOMBRE DE PERSONA
Nombre de persona Kehl, George L.
9 (RLIN) 67724
245 10 - MENCIÓN DEL TÍTULO
Título Fundamentos de la práctica metalúrgica /
Mención de responsabilidad, etc. George L. Kehl ; traducción y prólogo por Francisco Múñoz del Corral.
260 ## - PUBLICACIÓN, DISTRIBUCIÓN, ETC.
Lugar de publicación, distribución, etc. Madrid :
Nombre del editor, distribuidor, etc. Aguilar,
Fecha de publicación, distribución, etc. [1954] (
Lugar de fabricación/manufactura Bilbao :
Fabricante Grijelmo)
300 ## - DESCRIPCIÓN FÍSICA
Extensión XIX, 516 p. :
Otras características físicas il. ;
Dimensiones 22 cm.
700 1# - ENTRADA AGREGADA--NOMBRE PERSONAL
Nombre de persona Muñoz del Corral, Francisco.
9 (RLIN) 84396
852 ## - LOCALIZACIÓN
Ubicación ES-MaACL
Número de control de estantería C-8017
Sublocalización o colección R.36145
Holdings
Estatus retirado Estado de pérdida Estado de daño No para préstamo Biblioteca de origen Biblioteca actual Ubicación en estantería Fecha de adquisición Fuente de adquisición Total de préstamos Signatura topográfica completa Código de barras Visto por última vez Precio de reemplazo Tipo de ítem Koha
        Biblioteca del Ateneo de Madrid Biblioteca del Ateneo de Madrid Sala Palomar 17/01/2008     C-8017 1089761 23/02/2023 23/02/2023 Libro impreso